000
00194 a2200097 4500
001
25519
100
_a
245
_a
A. B. C. of Infrared
260
_a
_b
foulsham-Sams
_c
090
_c
17243
_d
17243
942
_a
NUST-CAE
_c
_c
8051
999
_c
260592
_d
260592